The right thing : ten years of ethics columns from the Healthcare forum journal (Record no. 320982)
[ view plain ]
| 000 -LEADER | |
|---|---|
| fixed length control field | 00443 a2200157 4500 |
| 001 - CONTROL NUMBER | |
| control field | 85909 |
| 003 - CONTROL NUMBER IDENTIFIER | |
| control field | NUST |
| 005 - DATE AND TIME OF LATEST TRANSACTION | |
| control field | 20180121180018.0 |
| 008 - FIXED-LENGTH DATA ELEMENTS--GENERAL INFORMATION | |
| fixed length control field | 180121b xxu||||| |||| 00| 0 eng d |
| 020 ## - INTERNATIONAL STANDARD BOOK NUMBER | |
| International Standard Book Number | 078790225X |
| 082 ## - DEWEY DECIMAL CLASSIFICATION NUMBER | |
| Classification number | 174.2 FRI |
| 100 ## - MAIN ENTRY--PERSONAL NAME | |
| Personal name | Emily Friedman |
| 9 (RLIN) | 9385 |
| 245 ## - TITLE STATEMENT | |
| Title | The right thing : ten years of ethics columns from the Healthcare forum journal |
| Medium | English |
| 250 ## - EDITION STATEMENT | |
| Edition statement | 1st |
| 260 ## - PUBLICATION, DISTRIBUTION, ETC. | |
| Place of publication, distribution, etc. | San Francisco |
| Name of publisher, distributor, etc. | Jossey-Bass |
| Date of publication, distribution, etc. | 1996 |
| 300 ## - PHYSICAL DESCRIPTION | |
| Extent | xxi, 394 p. |
| 500 ## - GENERAL NOTE | |
| General note | Gifted By AM Masood Akhtar |
| 942 ## - ADDED ENTRY ELEMENTS (KOHA) | |
| Institution code [OBSOLETE] | caenust |
| Koha item type | Book |
| Call number prefix | 174.2 FRI |
| Source of classification or shelving scheme | |
| Withdrawn status | Lost status | Damaged status | Not for loan | Collection code | Permanent Location | Current Location | Date acquired | Total Checkouts | Full call number | Barcode | Date last seen | Price effective from | Koha item type |
|---|---|---|---|---|---|---|---|---|---|---|---|---|---|
| College of Aeronautical Engineering (CAE) | College of Aeronautical Engineering (CAE) | 04/03/2017 | 174.2 FRI | CAEG-9744 | 04/05/2017 | 04/05/2017 | Book |
